000
00255nam a22001217a 4500
008
171102b xxu||||| |||| 00| 0 eng d
041
_a
eng
080
_a
33
100
_a
59
101
_a
EKO
245
_a
SECURITY ANALYSIS
_c
COTTLE, S
942
_2
udc
_c
BK
999
_c
37181
_d
37181